Rozpočtovanie režijných nákladov s využitím princípov rozpočtovania s nulovým základom

Prognózovanie výšky nákladov ako aj ostatných ekonomických veličín dôležité pre efektívne rozhodovanie o budúcom vývoji podnikania. Zostavovanie rozpočtov na základe údajov vyplývajúcich z minulosti alebo sa využíva rozpočtovanie s nulovým základom. Porovnanie rozpočtu s nulovým základom a rozpočtu...

Ausführliche Beschreibung

Gespeichert in:
Bibliographische Detailangaben
1. Verfasser: Šagátová, Slavka, 1975-
Format: Buchkapitel
Sprache:Slowakisch
Schlagworte:
Tags: Tag hinzufügen
Keine Tags, Fügen Sie das erste Tag hinzu!

MARC

LEADER 00000nla$a2200000$$$4500
001 0076113
005 20240502071906.0
041 0 |a slo 
044 |a SK 
245 1 0 |a Rozpočtovanie režijných nákladov s využitím princípov rozpočtovania s nulovým základom  |c Slávka Šagátová 
520 |a Prognózovanie výšky nákladov ako aj ostatných ekonomických veličín dôležité pre efektívne rozhodovanie o budúcom vývoji podnikania. Zostavovanie rozpočtov na základe údajov vyplývajúcich z minulosti alebo sa využíva rozpočtovanie s nulovým základom. Porovnanie rozpočtu s nulovým základom a rozpočtu na základe minulých období. Výhody a nevýhody metódy rozpočtovania s nulovým základom. 
610 2 0 |a rozpočtovanie 
610 2 0 |a rozpočtovníctvo 
610 2 0 |a rozpočty 
610 2 0 |a náklady 
610 2 0 |a efektívnosť 
610 2 0 |a firmy 
100 1 |a Šagátová, Slavka, 1975-